[Event "Oberliga Bayern 9899"]
[Site "Bayern"]
[Date "1999.04.11"]
[Round "7.6"]
[White "Saathoff, Richard"]
[Black "Hochreiter, Josef"]
[Result "1-0"]
[WhiteElo "2170"]
[BlackElo "2160"]
[PlyCount "73"]
[EventDate "1998.10.11"]
[EventType "team-tourn"]
[EventRounds "9"]
[EventCountry "GER"]
[SourceTitle "EXT 2020"]
[Source "ChessBase"]
[SourceDate "2019.10.17"]
[SourceVersion "1"]
[SourceVersionDate "2019.10.17"]
[SourceQuality "1"]
[WhiteTeam "Erlangen TB"]
[BlackTeam "Milbertshofen (SG Schwabing)"]
[WhiteTeamCountry "GER"]
[BlackTeamCountry "GER"]

1. e4 c5 2. Nf3 d6 3. d4 cxd4 4. Nxd4 Nf6 5. Nc3 g6 6. Be3 Bg7 7. f3 Nc6 8. Qd2 0-0 9. 0-0-0 d5 10. Kb1 Nxd4 11. e5 Nf5 12. exf6 exf6 13. Bc5 Re8 14. Qxd5 Qa5 15. b4 Qa3 16. Nb5 Qa4 17. Qb3 Qxb3+ 18. axb3 Be6 19. Nc7 Red8 20. Bc4 b6 21. Nxa8 Rxa8 22. Bxe6 fxe6 23. Bf2 Ne7 24. c4 a5 25. b5 a4 26. Rd7 Kf8 27. Bxb6 f5 28. Rhd1 axb3 29. Rd8+ Rxd8 30. Rxd8+ Kf7 31. Bc5 Bf6 32. b6 Nc6 33. Rf8+ Kg7 34. Rc8 Na5 35. Rc7+ Kh6 36. b7 Nxc4 37. Bf8+ 1-0

[Event "Oberliga Bayern 9899"]
[Site "Bayern"]
[Date "1998.11.15"]
[Round "3.6"]
[White "Schmidt, Gerhard3"]
[Black "Hochreiter, Josef"]
[Result "1/2-1/2"]
[WhiteElo "2346"]
[BlackElo "2160"]
[PlyCount "82"]
[EventDate "1998.10.11"]
[EventType "team-tourn"]
[EventRounds "9"]
[EventCountry "GER"]
[SourceTitle "EXT 2020"]
[Source "ChessBase"]
[SourceDate "2019.10.17"]
[SourceVersion "1"]
[SourceVersionDate "2019.10.17"]
[SourceQuality "1"]
[WhiteTeam "Muenchen FC Bayern"]
[BlackTeam "Milbertshofen (SG Schwabing)"]
[WhiteTeamCountry "GER"]
[BlackTeamCountry "GER"]

1. d4 Nf6 2. Nf3 g6 3. c4 Bg7 4. Nc3 0-0 5. Bg5 d6 6. e3 Nbd7 7. Be2 h6 8. Bh4 e5 9. h3 Re8 10. 0-0 c6 11. Qc2 Nf8 12. Rfd1 Qe7 13. Rac1 Bf5 14. Qa4 e4 15. Nd2 g5 16. Bg3 Ng6 17. b4 a6 18. Qb3 h5 19. d5 cxd5 20. Nxd5 Nxd5 21. cxd5 g4 22. hxg4 hxg4 23. b5 Be5 24. bxa6 bxa6 25. Rc6 Rab8 26. Qa3 a5 27. Nc4 Rbd8 28. Qxa5 Bxg3 29. fxg3 Ne5 30. Nxe5 Qxe5 31. Kf2 Ra8 32. Qd2 Reb8 33. Rc2 Bd7 34. Re1 Qf4+ 35. Kg1 Kg7 36. Qd4+ Kg6 37. Rd1 Qe5 38. Qxe5 dxe5 39. Rc7 Rxa2 40. Rxd7 Ra5 41. Rxf7 Rb2 1/2-1/2

[Event "Oberliga Bayern 9899"]
[Site "Bayern"]
[Date "1998.10.11"]
[Round "1.6"]
[White "Hochreiter, Josef"]
[Black "Keller, Manfred"]
[Result "1-0"]
[WhiteElo "2300"]
[BlackElo "2243"]
[PlyCount "75"]
[EventDate "1998.10.11"]
[EventType "team-tourn"]
[EventRounds "9"]
[EventCountry "GER"]
[SourceTitle "EXT 2020"]
[Source "ChessBase"]
[SourceDate "2019.10.17"]
[SourceVersion "1"]
[SourceVersionDate "2019.10.17"]
[SourceQuality "1"]
[WhiteTeam "Milbertshofen (SG Schwabing)"]
[BlackTeam "Pang/Rosenheim"]
[WhiteTeamCountry "GER"]
[BlackTeamCountry "GER"]

1. Nf3 Nf6 2. g3 g6 3. Bg2 Bg7 4. 0-0 0-0 5. d3 d5 6. Nc3 c6 7. e4 dxe4 8. dxe4 Bg4 9. h3 Bxf3 10. Qxf3 Nfd7 11. Qe2 e5 12. b3 Qa5 13. Bd2 Na6 14. Rab1 Qc7 15. b4 f5 16. exf5 gxf5 17. b5 Nac5 18. Be3 Rf7 19. Qc4 Bf8 20. Rfd1 Nb6 21. Qe2 Ne6 22. bxc6 bxc6 23. Nb5 cxb5 24. Bxb6 axb6 25. Bxa8 Bc5 26. Bd5 Qe7 27. Qxe5 Rf6 28. Bxe6+ Rxe6 29. Rd8+ Kf7 30. Qxf5+ Kg7 31. Qg4+ Rg6 32. Rd7 Rxg4 33. Rxe7+ Bxe7 34. hxg4 b4 35. c3 bxc3 36. Rxb6 Ba3 37. Rc6 Bb4 38. Kf1 1-0

[Event "Oberliga Bayern 9798"]
[Site "Bayern"]
[Date "1998.??.??"]
[Round "?.7"]
[White "Urban, Michael"]
[Black "Hochreiter, Josef"]
[Result "0-1"]
[WhiteElo "2140"]
[BlackElo "2155"]
[PlyCount "56"]
[EventDate "1997.10.??"]
[EventType "team-tourn"]
[EventRounds "9"]
[EventCountry "GER"]
[SourceTitle "EXT 2020"]
[Source "ChessBase"]
[SourceDate "2019.10.17"]
[SourceVersion "1"]
[SourceVersionDate "2019.10.17"]
[SourceQuality "1"]
[WhiteTeam "Muenchen FC Bayern"]
[BlackTeam "Milbertshofen (SG Schwabing)"]
[WhiteTeamCountry "GER"]
[BlackTeamCountry "GER"]

1. e4 c5 2. Nf3 d6 3. d4 cxd4 4. Qxd4 Bd7 5. c4 Nf6 6. Nc3 Nc6 7. Qe3 g6 8. h3 Bg7 9. Be2 Nb4 10. Bd3 Be6 11. 0-0 Nd7 12. a3 Nxd3 13. Qxd3 Nc5 14. Qe2 Nb3 15. Rb1 Bxc3 16. bxc3 Na5 17. Rd1 Bxc4 18. Qe3 0-0 19. Qh6 f6 20. e5 Qc7 21. exd6 exd6 22. Bf4 Rad8 23. Nd4 Nc6 24. Nxc6 Qxc6 25. Kh2 Bd5 26. f3 Bf7 27. Qh4 g5 28. Qg3 Bg6 0-1

[Event "Oberliga Bayern 9798"]
[Site "Bayern"]
[Date "1997.??.??"]
[Round "?.8"]
[White "Bischof, Robert"]
[Black "Hochreiter, Josef"]
[Result "1/2-1/2"]
[WhiteElo "2005"]
[BlackElo "2155"]
[PlyCount "114"]
[EventDate "1997.10.??"]
[EventType "team-tourn"]
[EventRounds "9"]
[EventCountry "GER"]
[SourceTitle "EXT 2020"]
[Source "ChessBase"]
[SourceDate "2019.10.17"]
[SourceVersion "1"]
[SourceVersionDate "2019.10.17"]
[SourceQuality "1"]
[WhiteTeam "Pang/Rosenheim"]
[BlackTeam "Milbertshofen (SG Schwabing)"]
[WhiteTeamCountry "GER"]
[BlackTeamCountry "GER"]

1. d4 Nf6 2. Bg5 g6 3. Bxf6 exf6 4. e3 Bg7 5. c4 0-0 6. Nc3 d6 7. g3 f5 8. Bg2 c5 9. Nge2 Nc6 10. Bxc6 bxc6 11. dxc5 dxc5 12. Qxd8 Rxd8 13. Rd1 Be6 14. b3 Rxd1+ 15. Kxd1 a5 16. Na4 Bf8 17. Nf4 g5 18. Nd3 f4 19. e4 Bg4+ 20. Kc2 Re8 21. Re1 f5 22. e5 fxg3 23. hxg3 h5 24. Naxc5 h4 25. Nd7 Be7 26. gxh4 gxh4 27. Rh1 Bf3 28. Rh3 Bg4 29. Rh2 Kf7 30. f4 Rh8 31. e6+ Kxe6 32. N7e5 h3 33. Ng6 Rh6 34. Nxe7 Kxe7 35. a3 Re6 36. Ne5 Kf6 37. b4 axb4 38. axb4 Rd6 39. Nd3 Rd4 40. Kc3 Re4 41. b5 cxb5 42. cxb5 Ke7 43. b6 Kd6 44. b7 Re8 45. Kd4 Kc7 46. Rb2 Bf3 47. Nc5 Bg2 48. Na6+ Kd6 49. b8Q+ Rxb8 50. Rxb8 h2 51. Rd8+ Ke7 52. Rh8 h1Q 53. Rxh1 Bxh1 54. Ke5 Be4 55. Nc5 Bb1 56. Ne6 Kf7 57. Nd4 Kg6 1/2-1/2

[Event "Oberliga Bayern 9798"]
[Site "Bayern"]
[Date "1997.??.??"]
[Round "?.6"]
[White "Hochreiter, Josef"]
[Black "Nitsche, Dirk"]
[Result "1-0"]
[WhiteElo "2155"]
[BlackElo "2177"]
[PlyCount "75"]
[EventDate "1997.10.??"]
[EventType "team-tourn"]
[EventRounds "9"]
[EventCountry "GER"]
[SourceTitle "EXT 2020"]
[Source "ChessBase"]
[SourceDate "2019.10.17"]
[SourceVersion "1"]
[SourceVersionDate "2019.10.17"]
[SourceQuality "1"]
[WhiteTeam "Milbertshofen (SG Schwabing)"]
[BlackTeam "Tegernsee TV"]
[WhiteTeamCountry "GER"]
[BlackTeamCountry "GER"]

1. Nf3 Nf6 2. g3 b5 3. Bg2 Bb7 4. d3 e6 5. e4 d6 6. 0-0 Be7 7. c3 c5 8. Ne1 Nbd7 9. e5 Bxg2 10. exf6 Bxf1 11. fxe7 Qxe7 12. Kxf1 0-0 13. Nd2 d5 14. Ndf3 e5 15. Qb3 e4 16. dxe4 dxe4 17. Nh4 Rab8 18. Qd5 Nf6 19. Qg5 Rfd8 20. Bf4 Rbc8 21. Nf5 Qf8 22. Be5 Rc6 23. Ng2 Re8 24. Bxf6 Rxf6 25. Nf4 h6 26. Qg4 g6 27. Ne3 Rd6 28. Rd1 f5 29. Qe2 a6 30. a4 c4 31. Rd5 Rxd5 32. Nexd5 Qd6 33. Qe3 Rd8 34. Nxg6 Kg7 35. Ngf4 bxa4 36. Qd4+ Kf7 37. Nh5 Qg6 38. Qa7+ 1-0

[Event "Oberliga Bayern 9697"]
[Site "Bayern"]
[Date "1997.??.??"]
[Round "?"]
[White "Hochreiter, Josef"]
[Black "Radosevic, Milos"]
[Result "0-1"]
[WhiteElo "2270"]
[BlackElo "2060"]
[PlyCount "50"]
[EventDate "1996.10.13"]
[EventType "team-tourn"]
[EventRounds "9"]
[EventCountry "GER"]
[SourceTitle "EXT 2020"]
[Source "ChessBase"]
[SourceDate "2019.10.17"]
[SourceVersion "1"]
[SourceVersionDate "2019.10.17"]
[SourceQuality "1"]
[WhiteTeam "Milbertshofen (SG Schwabing)"]
[BlackTeam "Muenchen FC Bayern"]
[WhiteTeamCountry "GER"]
[BlackTeamCountry "GER"]

1. Nf3 Nf6 2. g3 d5 3. Bg2 c6 4. 0-0 e6 5. d3 Nbd7 6. Nbd2 Be7 7. e4 dxe4 8. dxe4 0-0 9. Re1 e5 10. Nc4 Qc7 11. Nh4 Nb6 12. Ne3 g6 13. Qe2 Ne8 14. b3 Bxh4 15. gxh4 Ng7 16. Bb2 Nh5 17. Ng4 Nf4 18. Qf3 Bxg4 19. Qxg4 Rad8 20. Rad1 h5 21. Qf3 Qe7 22. Qc3 f6 23. Qa5 Rxd1 24. Rxd1 Qe6 25. f3 Nh3+ 0-1

[Event "Oberliga Bayern 9697"]
[Site "Bayern"]
[Date "1996.??.??"]
[Round "?"]
[White "Hochreiter, Josef"]
[Black "Schindler, Viktor"]
[Result "1/2-1/2"]
[WhiteElo "2270"]
[BlackElo "1970"]
[PlyCount "26"]
[EventDate "1996.10.13"]
[EventType "team-tourn"]
[EventRounds "9"]
[EventCountry "GER"]
[SourceTitle "EXT 2020"]
[Source "ChessBase"]
[SourceDate "2019.10.17"]
[SourceVersion "1"]
[SourceVersionDate "2019.10.17"]
[SourceQuality "1"]
[WhiteTeam "Milbertshofen (SG Schwabing)"]
[BlackTeam "Pang/Rosenheim"]
[WhiteTeamCountry "GER"]
[BlackTeamCountry "GER"]

1. Nf3 Nf6 2. g3 c5 3. Bg2 g6 4. d3 Bg7 5. 0-0 d6 6. Nc3 Nc6 7. a3 Rb8 8. Rb1 a5 9. Nb5 0-0 10. c4 e5 11. Bg5 h6 12. Bd2 Be6 13. e4 Ne8 1/2-1/2

[Event "Oberliga Bayern 9394"]
[Site "Bayern"]
[Date "1994.01.16"]
[Round "4.4"]
[White "David, Torsten"]
[Black "Hochreiter, Josef"]
[Result "1-0"]
[WhiteElo "2155"]
[BlackElo "2335"]
[PlyCount "45"]
[EventDate "1993.10.10"]
[EventType "team-tourn"]
[EventRounds "9"]
[EventCountry "GER"]
[SourceTitle "EXT 2020"]
[Source "ChessBase"]
[SourceDate "2019.10.17"]
[SourceVersion "1"]
[SourceVersionDate "2019.10.17"]
[SourceQuality "1"]
[WhiteTeam "Erlangen TB"]
[BlackTeam "Milbertshofen (SG Schwabing)"]
[WhiteTeamCountry "GER"]
[BlackTeamCountry "GER"]

1. e4 c5 2. c3 d5 3. exd5 Qxd5 4. d4 Nf6 5. Nf3 Nc6 6. Be2 Bg4 7. c4 Qf5 8. d5 Bxf3 9. Bxf3 Nd4 10. Na3 e6 11. dxe6 Qxe6+ 12. Be3 0-0-0 13. 0-0 Nxf3+ 14. Qxf3 Bd6 15. Nb5 Bb8 16. Bxc5 Bxh2+ 17. Kxh2 Qe5+ 18. Kg1 Qxc5 19. b4 Qb6 20. a4 Qe6 21. Qf4 Qe7 22. Rfe1 g5 23. Nxa7+ 1-0